| 000 | 00852nam a2200205 i 4500 | ||
|---|---|---|---|
| 001 | 106258 | ||
| 003 | ES-MaACL | ||
| 005 | 20250728113925.0 | ||
| 007 | t| | ||
| 008 | 061017s1999 sp ||||1| spa d | ||
| 080 | _a299.992 | ||
| 100 | 0 |
_aGómez-Tabanera, José Manuel, _d1926-2011 _958165 |
|
| 245 | 1 | 0 |
_aAnte las presuntas religiones del hombre fósil a la luz de la vocación actual de la antropología / _cJosé Manuel Gómez-Tabanera. |
| 260 |
_a[S.l. : _bs.n., _c1999] |
||
| 300 |
_a[6] h. ; _c30 cm. |
||
| 500 | _aEjemplar fotocopiado de un artículo en el: Homenaje al profesor Dr. Miguel A. García Guinea, publicado en Sautuola VI, Revista del Instituto de Prehistoria y Arqueología Sautuola, Santander 1999. | ||
| 650 | 1 | 7 |
_aReligiones primitivas _2embne _916825 |
| 852 |
_aES-MaACL _j2206-F-43 _bR.138030 |
||
| 999 |
_c106258 _d106258 |
||